<?xml version="1.0" encoding="UTF-8"?>
<record
    xmlns:xsi="http://www.w3.org/2001/XMLSchema-instance"
    xsi:schemaLocation="http://www.loc.gov/MARC21/slim http://www.loc.gov/standards/marcxml/schema/MARC21slim.xsd"
    xmlns="http://www.loc.gov/MARC21/slim">

  <leader>01049naa a22001937i 4500</leader>
  <controlfield tag="001">9477</controlfield>
  <controlfield tag="003">KOSZ 005</controlfield>
  <controlfield tag="005">20180329095938.0</controlfield>
  <controlfield tag="008">160308s2010        ||||| ||||0|| ||eng </controlfield>
  <datafield tag="040" ind1=" " ind2=" ">
    <subfield code="c">KOSZ 005</subfield>
    <subfield code="d">KOSZ 005/EG</subfield>
  </datafield>
  <datafield tag="100" ind1="1" ind2=" ">
    <subfield code="a">WAWRYN, Krzysztof.</subfield>
    <subfield code="d">1996 - .</subfield>
    <subfield code="b">Politechnika Koszali&#x144;ska - Wydzia&#x142; Elektroniki i Informatyki,</subfield>
    <subfield code="c">Katedra System&#xF3;w Cyfrowego Przetwarzania Sygna&#x142;&#xF3;w</subfield>
  </datafield>
  <datafield tag="245" ind1="1" ind2="0">
    <subfield code="a">Pr&#x105;dowy, potokowy przetwornik a/c ma&#x142;ej mocy /</subfield>
    <subfield code="c">K. Wawryn, R. Suszy&#x144;ski, B. Strzeszewski.</subfield>
  </datafield>
  <datafield tag="650" ind1=" " ind2="0">
    <subfield code="a">Uk&#x142;ady pr&#x105;dowe.</subfield>
  </datafield>
  <datafield tag="650" ind1=" " ind2="0">
    <subfield code="a">Przetwornik potokowy.</subfield>
  </datafield>
  <datafield tag="700" ind1="1" ind2=" ">
    <subfield code="a">SUSZY&#x143;SKI, Robert.</subfield>
    <subfield code="b">Politechnika Koszali&#x144;ska - Wydzia&#x142; Elektroniki i Informatyki,</subfield>
    <subfield code="c">Katedra System&#xF3;w Cyfrowego Przetwarzania Sygna&#x142;&#xF3;w</subfield>
    <subfield code="d">1996 - .</subfield>
  </datafield>
  <datafield tag="700" ind1="1" ind2=" ">
    <subfield code="a">STRZESZEWSKI, Bogdan.</subfield>
    <subfield code="b">Politechnika Koszali&#x144;ska - Wydzia&#x142; Elektroniki,</subfield>
    <subfield code="c">Katedra System&#xF3;w Cyfrowego Przetwarzania Sygna&#x142;&#xF3;w</subfield>
    <subfield code="d">1996 - .</subfield>
  </datafield>
  <datafield tag="773" ind1="0" ind2=" ">
    <subfield code="i">W :</subfield>
    <subfield code="t">Elektronika : konstrukcje, technologie, zastosowania. -</subfield>
    <subfield code="g">2010, Vol. 51, nr 1, s. 101-104</subfield>
    <subfield code="x">0033-2089</subfield>
  </datafield>
  <datafield tag="942" ind1=" " ind2=" ">
    <subfield code="c">ART</subfield>
    <subfield code="2">UKD</subfield>
  </datafield>
  <datafield tag="999" ind1=" " ind2=" ">
    <subfield code="c">9481</subfield>
    <subfield code="d">9481</subfield>
  </datafield>
</record>
